000 00385nam a2200157Ia 4500
008 230917s9999||||xx |||||||||||||| ||und||
020 _cRS7.23
040 _e37825
_aMAIN
041 _aEnglish
082 _a823.7 T325W:T
100 _aWilliams, Ioan M
245 0 _aLiterature in perspective Thackeray
260 _aLondon
_bEvans Brothers
_c1968
300 _a136 p.
942 _cBK
999 _c43502
_d43502